MARC

LEADER 00000nas a2200000 a 4500
001 ssj0029817
003 WaSeSS
005 20200512172242.0
006 m d
007 cr n
008 040812c19749999nyuar s 0 a0eng c
010 |a  2004236879 
015 |a GBB404906  |2 bnb 
016 7 |a 2173297-8  |2 DE-600 
016 7 |a 016587379  |2 Uk 
022 |a 1558-2744  |l 0361-5413  |y 0361-5413 
035 |a (WaSeSS)ssj0029817 
040 |a EYM  |b eng  |c EYM  |d HUL  |d MUQ  |d MYG  |d OCL  |d UQ1  |d DLC  |d OCLCQ  |d OCLCO  |d OCLCF  |d DLC  |d OCLCO  |d OCLCQ  |d DEBBG  |d DEFHM  |d OCLCO  |d NLE  |d GILDS  |d OCLCO  |d UKMGB  |d VT2  |d OCLCA  |d AUD  |d DLC  |d WaSeSS 
042 |a pcc  |a nsdp 
043 |a f------ 
050 0 0 |a DT19 
082 0 0 |a 960.072  |2 23 
130 0 |a History in Africa (Online) 
222 0 |a History in Africa  |b (Online) 
245 1 0 |a History in Africa  |h [electronic resource]. 
260 |a Waltham, Mass. :  |b African Studies Association,  |c 1974- 
260 3 |3 <2013-> :  |a New York, NY :  |b Cambridge University Press 
310 |a Annual 
362 0 |a Vol. 1 (1974)- 
500 |a Title from title screen (JSTOR, viewed Aug. 12, 2004). 
500 |a "A journal of method." 
506 |a License restrictions may limit access. 
538 |a Mode of access: World Wide Web. 
588 |a Latest issue consulted: Vol. 46 (June 2019); (Cambridge Core website, viewed April 22, 2020). 
648 7 |a Geschichte  |0 (DE-836)31372  |2 swd 
650 1 |a History  |b Africa  |v Periodicals. 
650 7 |a Historiography.  |2 fast  |0 (OCoLC)fst00958221 
650 7 |a Histoire.  |2 rasuqam 
651 0 |a Africa  |x Historiography  |v Periodicals. 
651 0 |a Africa  |x History  |v Periodicals. 
651 6 |a Afrique  |x Historiographie  |v Périodiques. 
651 6 |a Afrique  |x Histoire  |v Périodiques. 
651 7 |a Africa.  |2 fast  |0 (OCoLC)fst01239509 
651 7 |a Afrika  |2 gnd 
651 7 |a Afrique.  |2 rasuqam 
655 0 |a Electronic journals. 
710 2 |a African Studies Association. 
776 1 |t History in Africa  |x 0361-5413  |w (DLC) 76640560  |w (OCoLC)2246846 
850 |a DLC 
856 4 0 |z Full text available from Research Library: 01/01/2003 to 1 year ago  |u https://search.proquest.com/publication/25542